|
|
|
|
| LEADER |
000000000a22000000004500 |
| 001 |
001079 |
| 008 |
170622s1985 mx ||||| |||| 00| 0 spa d |
| 041 |
0 |
|
|a Español
|
| 082 |
|
|
|a 070.433.2
|b D565c
|
| 100 |
1 |
|
|a Dieterich, Heinz,
|d 1943-
|
| 245 |
1 |
0 |
|a Centroamérica en la prensa estadounidense:
|b entrevistas y textos de Noam Chomsky /
|c Heinz Dieterich
|
| 250 |
|
|
|a 1. edición
|
| 260 |
|
|
|a México:
|b Mex-sur,
|c 1985
|
| 300 |
|
|
|a 139 páginas
|
| 500 |
|
|
|a Número de inscripción 13231 (Colección Yúdice)
|
| 650 |
|
4 |
|a NOTICIAS
|
| 650 |
|
4 |
|a OPINION PUBLICA
|
| 650 |
|
4 |
|a AMERICA CENTRAL
|
| 650 |
|
4 |
|a RELACIONES EXTERIORES
|
| 650 |
|
4 |
|a ESTADOS UNIDOS
|
| 942 |
|
|
|2 ddc
|c BK
|
| 999 |
|
|
|c 2197
|d 2197
|